000 00238 a2200097 4500
001 59720
100 _a
245 _aComputer education for teachers
260 _aCalifornia
_bJohn Willey & Sons,Ltd
_c2009
090 _c36602
_d36602
942 _aNUST-CAE
_cMONOGRAPH
_c29561
999 _c294793
_d294793